000 00267nam a22001097a 4500
003 OSt
005 20260217143454.0
008 210122b ||||| |||| 00| 0 eng d
082 _a621.902
_bMAC/MA
245 _aMachine tool automation by electronic controll
942 _cBK
999 _c16868
_d16868